| 000 | 00959nas a2200301 4500 | ||
|---|---|---|---|
| 001 | BR2014005124 | ||
| 003 | BR-BrBNA | ||
| 005 | 20231205124400.0 | ||
| 007 | ta | ||
| 008 | 230509b bl.|||p| |||| 00| 00por d | ||
| 040 |
_aBR-BrBNA _bpor _cBiblioteca Nacional de Agricultura |
||
| 041 | _a(En) | ||
| 072 | _aL02; L51 | ||
| 100 | 1 | _aJunqueira, O.M. | |
| 100 | 1 | _aFonseca, L.E.C. | |
| 100 | 1 | _aAraújo, L.F. | |
| 100 | 1 | _aduarte, K.F. | |
| 100 | 1 | _aAraújo, C.S. da S. | |
| 100 | 1 | _aRodrigues, E.A.P. | |
| 245 | 1 | _aFeed restriction on performance and blood parameters of broilers fed diets with different sodium levels | |
| 650 | _aFRANGO DE CORTE | ||
| 650 | _aNUTRIÇÃO ANIMAL | ||
| 650 | _aBICARBONATO DE SÓDIO | ||
| 650 | _aPERFORMANCE | ||
| 773 | 0 |
_tBrazilian Journal of Poultry Science (Brazil) _xISSN 1516-635X _g(May- Aug 2003), v. 5(2) p.105-109 _wBR2014005124 |
|
| 909 |
_a202311 _bLúcia _c55 _dLúcia Elande |
||
| 942 |
_2AGRIS _n0 _cANA |
||
| 999 |
_c238788 _d238788 |
||